Multimedia journalism (Record no. 212105)
[ view plain ]
| 000 -LEADER | |
|---|---|
| fixed length control field | 00587nam a2200229Ia 4500 |
| 003 - CONTROL NUMBER IDENTIFIER | |
| control field | OSt |
| 005 - DATE AND TIME OF LATEST TRANSACTION | |
| control field | 20250725155803.0 |
| 008 - FIXED-LENGTH DATA ELEMENTS--GENERAL INFORMATION | |
| fixed length control field | 210719s2019 xx 000 0 und d |
| 020 ## - INTERNATIONAL STANDARD BOOK NUMBER | |
| International Standard Book Number | 977-8131300381 |
| 040 ## - CATALOGING SOURCE | |
| Transcribing agency | AL |
| 041 ## - LANGUAGE CODE | |
| Language code of text/sound track or separate title | eng |
| 082 ## - DEWEY DECIMAL CLASSIFICATION NUMBER | |
| Classification number | 070.4 RAMM |
| 100 ## - MAIN ENTRY--PERSONAL NAME | |
| Personal name | Ramanujam R C |
| 9 (RLIN) | 220234 |
| 245 ## - TITLE STATEMENT | |
| Title | Multimedia journalism |
| 260 ## - PUBLICATION, DISTRIBUTION, ETC. | |
| Place of publication, distribution, etc. | New Delhi |
| Name of publisher, distributor, etc. | A P H Publishing Corporation |
| Date of publication, distribution, etc. | 2019 |
| 300 ## - PHYSICAL DESCRIPTION | |
| Extent | ix,290p. |
| Other physical details | PB |
| 365 ## - TRADE PRICE | |
| Price amount | 995 |
| Currency code | Rs |
| 650 ## - SUBJECT ADDED ENTRY--TOPICAL TERM | |
| Topical term or geographic name entry element | Journalism |
| 9 (RLIN) | 220235 |
| 650 ## - SUBJECT ADDED ENTRY--TOPICAL TERM | |
| Topical term or geographic name entry element | Types of Journalism |
| 9 (RLIN) | 220236 |
| 906 ## - LOCAL DATA ELEMENT F, LDF (RLIN) | |
| a | journalism ; Multimedia |
| 942 ## - ADDED ENTRY ELEMENTS (KOHA) | |
| Source of classification or shelving scheme | Dewey Decimal Classification |
| Koha item type | Book |
| Withdrawn status | Lost status | Source of classification or shelving scheme | Damaged status | Not for loan | Collection code | Home library | Current library | Shelving location | Date acquired | Source of acquisition | Cost, normal purchase price | Total Checkouts | Full call number | Barcode | Date last seen | Cost, replacement price | Price effective from | Koha item type |
|---|---|---|---|---|---|---|---|---|---|---|---|---|---|---|---|---|---|---|
| Dewey Decimal Classification | Reference Book | Journalism | St Aloysius Library | St Aloysius Library | Reference Section | 03/22/2021 | Sapna Book House Pvt Ltd, K S Rao Road, Mangalore-575001 | General Annual | 995.00 | 070.4 RAMM | 074919 | 07/19/2021 | 796.00 | 07/19/2021 | Reference |